Vilains du DC Universe #1 - Statistiques

Statistiques générales
  • Ce quiz a été pris 234 fois
  • Le résultat moyen est 21 sur 30
Statistiques - réponses
Par images Réponse % Correct
Joker
100%
Catwoman
95%
Double-Face / Two-Face
93%
Harley Quinn
91%
le Pingouin / the Penguin
90%
Poison Ivy
86%
Lex Luthor
85%
Bane
84%
l'Epouvantail / the Scarecrow
84%
Mister Freeze
81%
le Sphinx / the Riddler
79%
Black Adam
76%
Black Manta
76%
Deathstroke
74%
Reverse-Flash
73%
Darkseid
70%
Deadshot
68%
Cheetah
66%
Ra's Al Ghul
62%
Sinestro
61%
Captain Cold
60%
Doomsday
60%
Brainiac
59%
Bizarro
58%
Général Zod
55%
Ares
50%
Gorilla Grodd
49%
Vandal Savage
31%
Ocean Master
30%
Parallax
20%
Aucun quiz correspondant
Distribution des résultats
% des personnes avec chaque résultat
Percentile par nombre de réponses
Votre historique - résultats
Vous n’avez pas pris ce quiz